000 01874cam a2200481Ia 4500
001 1001908007
003 OCoLC
005 20220823145350.0
008 040120s2003 sp a b 000 1 spa d
020 _a8426133355
020 _a9788426133359
037 _aBRO-adap20150622-084
040 _aTEF
_beng
_cTEF
_dSAP
_dBAKER
_dPL#
_dTEF
_dBDX
_dOCLCF
_dOCLCQ
_dSFR
_dUtOrBLW
041 1 _aspa
_heng
043 _an-us---
050 1 4 _aPZ73.R24435
_bMe 2003
092 _aSPANISH jPS
_bRECO
100 1 _aRecorvits, Helen.
240 1 0 _aMy name is Yoon.
_lSpanish.
245 1 0 _aMe llamo Yoon /
_cHelen Recorvits ; ilustraciones de Gabi Swiatkowska ; [traduccion, Christiane Reyes].
250 _a1a ed.
260 _aBarcelona :
_bJuventud,
_c2003.
300 _a32 unnumbered pages :
_bcolor illustrations ;
_c24 x 25 cm.
336 _atext
_btxt
_2rdacontent.
337 _aunmediated
_bn
_2rdamedia.
338 _avolume
_bnc
_2rdacarrier.
520 _aDisliking her name as written in English, Korean-born Yoon, or "shining wisdom," refers to herself as "cat," "bird," and "cupcake," as a way to feel more comfortable in her new school and new country.
650 0 _aKorean Americans
_vJuvenile fiction.
650 0 _aImmigrants
_zUnited States
_vJuvenile fiction.
650 0 _aFirst day of school
_vJuvenile fiction.
650 0 _aNames, Personal
_vJuvenile fiction.
650 1 _aKorean Americans
_vFiction.
650 1 _aImmigrants
_zUnited States
_vFiction.
650 1 _aFirst day of school
_vFiction.
650 1 _aNames, Personal
_vFiction.
650 1 _aSpanish language materials.
650 4 _aCoreano-americanos
_vFiccion juvenil.
650 4 _aInmigrantes
_zEstados Unidos
_vFiccion juvenil.
650 4 _aEscuelas
_vNovela infantil.
650 4 _aNombres personales
_vFiccion juvenil.
700 1 _aSwiatkowska, Gabriela,
_eill.
942 _cBK
999 _c27426
_d27426